000 00899nam a2200253Ia 4500
003 OSt
005 20220923212719.0
006 a|||||r|||| 00| 0
007 ta
008 220922b |||||||| |||| 00| 0 hin d
024 _a155,512
037 _cTextual
040 _aARTS
_cARTS
_bhin
041 _2hin
_ahin
082 _aO15,2:g(Q:1), 152M3
100 _aपाठक, पूलचन्द्
_9156272
245 0 _aसंस्कृत नाटकों में अतिप्राकृत तत्व
246 _aSanskṛut nāṭakoan mean atiprākṛut tatva
260 _aजयपुर
_b देवनागर प्रकाशन
_c1983
300 _a466 पृ.
_ccm.
650 _aहिन्दी साहित्य
_9156264
942 _hO15,2:g(Q:1), 152M3
_cTEXL
_2CC
999 _c311016
_d311016